| 000 | 00511nam a2200157Ia 4500 | ||
|---|---|---|---|
| 008 | 140611s9999 xx 000 0 und d | ||
| 020 | _a9787561933039 | ||
| 050 |
_aPL 1129.E5 _b.N532 2012 |
||
| 245 |
_aNew practical Chinese reader : _bInstructor's Manual / |
||
| 250 | _a2nd ed. | ||
| 260 |
_aChina : _bBeijing Languge and Culture University Press, _cc2012. |
||
| 300 |
_a130 p. : _bill. ; _c27 cm. |
||
| 650 |
_aChinese Language _xReaders |
||
| 650 |
_aChinese Language _xStudy and Teachings |
||
| 999 |
_c118412 _d118412 |
||